Регионална библиотека "Любен Каравелов" - Русе

Мать (Запис номер 425225)

MARC детайли
000 -Лидер
Контролно поле с фиксирана дължина nam a22 a 4500
003 - Код на организацията, давaща контролен номер
Контролно поле BLK
005 - Дата и час на последна редакция
Контролно поле 20210726090831.0
008 - Елементи от данни с фиксирана дължина
fixed length control field 210726b bu |||||r|||| 00| | bu d
040 ## - Източник на каталожния запис
Идентификатор на билиотеката - собственик на записа BLK
041 ## - Код за език
Код за езика на текст/звукозапис или на отделно заглавие Руски
Код за езика КДБФ Руски
080 ## - УДК
Текстов определител УДК Руска литература
УДК код - определител по УДК 821.161.1
УДК определител -31
УДК - код + определител 821.161.1-31
100 ## - Редна дума - Автор
R(LIN) 1299
Автор Горький, Максим
Авторска отговорност първи автор
Пълна форма на името Алексей Максимович Пешков
139 ## - Редно поле
Редна дума Горький, Максим
245 ## - Сведения за заглавието
Заглавие Мать
Подзаглавни данни [Роман]
Редно поле (дума) Максим Горький
260 ## - Област на издателските данни
9 (RLIN) 439159
Място на издаване, разпространение и проч. Москва ; Ленинград
Име на издателя, разпространителя и проч. Государственное издательство детской литературы
Година на издаване 1949
300 ## - Физическа характеристика
Страници 356 с.
Размери/Мащаб 20 см
380 ## - Жанр
Жанр Худож. лит.
852 ## - Местоположение
Форматна сигнатура Цб 8.195.35965
Фондова буква Основен фонд - ползва се само за читалня
999 ## - СИСТЕМНИ КОНТРОЛНИ НОМЕРА
Koha biblionumber 425225
Koha biblioitemnumber 425225
942 ## - АРТИКУЛИ
Вид на библиотечния материал Книги
Скрит в OPAC Не
Периодичен библиозапис Да
944 ## - СЪЗДАВАНЕ И РЕДАКЦИЯ на ЗАПИСА
Създаване/Редакция Създаване
Дата на регистрацията/редакция 2021-07-26
Служител, извършил регистрацията/редакцията Микаела Микова-Илиева
Статус, дата на статуса 2021-07-26
Наличности
Код за отписване Код за изгубен артикул Източник на класификационната схема Код за повреда Коз за рестрикции Код за отдаване Артикулен № Име на библиотеката - собственик Име на библиотеката, в която се намира в момента Статус (Текущо местоположение) Дата на вписване в системата Местоположение - отдел Цена в лева Инвентарен номер Систематично азбучна сигнатура Баркод Цена в евро Служебен тип на артикула
  Не е изгубен Universal Decimal Classification Не е повреден само за читалня ползва се в читалня 844809 Регионална библиотека "Любен Каравелов" Русе Регионална библиотека "Любен Каравелов" Русе Хранилище 2021-07-27 Основен фонд - ползва се само за читалня 0.29 35962 Цб 8.195.35962 900000070911 0.15 Книги
Vip Innovations Ltd, Rousse, Bulgaria 2025